00375pab a2200121 454500008004000000100002100040245009700061260000900158300001400167362001100181650001500192773004600207180718b2009 xxu||||| |||| 00| 0 eng d aHeim, Bradley T. aThe effect of recent tax changes on taxable income: evidence from a new panel of tax returns c2009 ap.147-63. aWinter aIncome tax aJournal of Policy Analysis and Management